| 000 | 01020nam a2200289 i 4500 | ||
|---|---|---|---|
| 003 | CO-BoRNBP | ||
| 005 | 20240717150603.0 | ||
| 007 | ta | ||
| 008 | 240716b2017 ck a|||| |||| 00| 0 spa d | ||
| 020 | _a9789583054709 | ||
| 040 |
_aCO-BoRNBP _bSpa _cCO-BoRNBP _drda |
||
| 041 | 1 |
_aspa _hfre |
|
| 043 | _as-ck--- | ||
| 084 | _aC ELO | ||
| 100 | 1 |
_aÉlodie, Richard _eautor _941631 |
|
| 245 | 1 |
_aAmanda, ¡La vaca que no le gustaban sus manchas! _cAutor: Richard, Élodie; Ilustraciones, Izou; Edición y Traducción, Ana Beatriz Guerrero Alvarado |
|
| 250 | _aPrimera edición | ||
| 264 | 1 |
_aBogotá, Colombia _bPanamericana Editorial Ltda. _cJunio de 2017 |
|
| 300 |
_a31 páginas _bIlustraciones a color _cAlto: 22 cm Ancho: 20 cm |
||
| 336 |
_2rdacontent _atexto _btxt |
||
| 337 |
_2rdamedia _asin mediación _bn |
||
| 338 |
_2rdacarrier _avolumen _bnc |
||
| 650 | 1 | 7 |
_2ARMARC _aVacas _941632 |
| 650 | 1 | 7 |
_2ARMARC _aCuentos infantiles franceses _97840 |
| 650 | 1 | 7 |
_2ARMARC _aCuentos infantiles _92743 |
| 942 |
_2ddc _cBKINF |
||
| 999 |
_c38193 _d38193 |
||